| 000 | 00821nas a2200277 4500 | ||
|---|---|---|---|
| 001 | BR9605199 | ||
| 003 | BR-BrBNA | ||
| 005 | 20231205095350.0 | ||
| 007 | ta | ||
| 008 | 230509b bl.|||p| |||| 00| 00por d | ||
| 040 |
_aBR-BrBNA _bpor _cBiblioteca Nacional de Agricultura |
||
| 041 | _a(Pt) | ||
| 072 | _aL02 | ||
| 100 | 1 | _aMoreira, I. | |
| 100 | 1 | _aScapinello, C. | |
| 100 | 1 | _aMurakami, A.E. | |
| 100 | 1 | _aFurlan, A.C. | |
| 245 | 1 | _aUtilizacao do farelo de canola na alimentacao de suinos na fase de crescimento | |
| 650 | _aSUÍNO | ||
| 650 | _aColza | ||
| 650 | _aFarelo | ||
| 650 | _aCrescimento | ||
| 773 | 0 |
_tRevista da Sociedade Brasileira de Zootecnia (Brazil) _xISSN 0100-4859 _g(Jan-Feb 1996), v. 25(1) p. 102-112 _wBR9605199 |
|
| 909 |
_a202311 _bLúcia _c55 _dLúcia Elande |
||
| 942 |
_2AGRIS _n0 _cANA |
||
| 999 |
_c150255 _d150255 |
||